000 00247nam a2200109Ia 4500
008 220204s9999 xx 000 0 und d
082 _a659.3
_bGOL
100 _aGolding, Peter
245 0 _aMass media
260 _aUSA
_bLongman
_c1974
942 _cBK
999 _c24276
_d24276